00322nam a2200121Ia 4500008004100000082001500041100001300056245003000069260003300099300000800132630003000140730003000170100122s9999 xx 000 0 und d b38050a823 aHARMON S aWOMAN TODAY CONDENED BOOK bDREAMLAND PUBLICATIONSc1905 a498 aWOMAN TODAY CONDENED BOOK aWOMAN TODAY CONDENED BOOK